[Event "AUT-chT2O 1920"]
[Site "Austria"]
[Date "2019.11.17"]
[Round "4.2"]
[White "Penz, Harald"]
[Black "Stohl, Igor"]
[Result "0-1"]
[WhiteElo "2278"]
[BlackElo "2487"]
[PlyCount "100"]
[EventDate "2019.10.19"]
[EventType "team-tourn"]
[EventRounds "11"]
[EventCountry "AUT"]
[SourceTitle "CBM 193 Extra"]
[Source "ChessBase"]
[SourceDate "2020.01.31"]
[SourceVersion "1"]
[SourceVersionDate "2020.01.31"]
[SourceQuality "1"]
[WhiteTeam "Hietzing"]
[BlackTeam "Wien Ottakring"]
[WhiteTeamCountry "AUT"]
[BlackTeamCountry "AUT"]

1. e4 c5 2. c3 d5 3. exd5 Qxd5 4. d4 g6 5. Nf3 Bg7 6. Be3 cxd4 7. cxd4 Nf6 8. Nc3 Qd8 9. Be2 0-0 10. 0-0 Be6 11. Ne5 Nd5 12. Bf3 Bxe5 13. dxe5 Nxe3 14. fxe3 Nd7 15. Bxb7 Rb8 16. Bd5 Bxd5 17. Qxd5 Rxb2 18. Rad1 Qb6 19. Rd4 Nc5 20. Nd1 Rc2 21. Rc4 e6 22. Qd4 Rxc4 23. Qxc4 Nd7 24. Qd4 Qc7 25. Nc3 Qxe5 26. Qxd7 Qxe3+ 27. Rf2 Qe1+ 28. Rf1 Qxc3 29. Qxa7 e5 30. Rf3 Qe1+ 31. Rf1 Qc3 32. Rf3 Qc4 33. h3 e4 34. Re3 Rd8 35. Kh2 Qd4 36. Qxd4 Rxd4 37. Kg3 f5 38. Kf4 Rd2 39. g4 Rf2+ 40. Ke5 Rxa2 41. gxf5 Ra5+ 42. Kxe4 Rxf5 43. Rf3 Rxf3 44. Kxf3 Kf7 45. Kf4 Kf6 46. h4 h6 47. Ke4 Ke6 48. Kf4 Kd5 49. h5 g5+ 50. Kf5 Kd6 0-1

[Event "AUT-chT2O 1920"]
[Site "Austria"]
[Date "2019.10.20"]
[Round "2.3"]
[White "Kummer, Helmut"]
[Black "Penz, Harald"]
[Result "1-0"]
[WhiteElo "2286"]
[BlackElo "2278"]
[PlyCount "85"]
[EventDate "2019.10.19"]
[EventType "team-tourn"]
[EventRounds "11"]
[EventCountry "AUT"]
[SourceTitle "CBM 192 Extra"]
[Source "Chessbase"]
[SourceDate "2019.11.06"]
[SourceVersion "1"]
[SourceVersionDate "2019.11.06"]
[SourceQuality "1"]
[WhiteTeam "Donaustadt"]
[BlackTeam "Hietzing"]
[WhiteTeamCountry "AUT"]
[BlackTeamCountry "AUT"]

1. d4 d5 2. c4 e6 3. Nc3 Nf6 4. Bg5 Be7 5. e3 0-0 6. Nf3 b6 7. Bd3 Bb7 8. 0-0 Nbd7 9. Qe2 h6 10. Bh4 Ne4 11. Bxe7 Nxc3 12. bxc3 Qxe7 13. cxd5 exd5 14. a4 a5 15. Rfc1 Qd6 16. Bb5 c6 17. Bd3 c5 18. Rcb1 Rab8 19. h3 Bc6 20. Bb5 Bxb5 21. Rxb5 Rbc8 22. e4 dxe4 23. Qxe4 Rfe8 24. Qf5 g6 25. Qd3 Ne5 26. Nxe5 Rxe5 27. Rxb6 Qxb6 28. dxe5 c4 29. Qd2 Kg7 30. Rd1 Re8 31. Qf4 Qc6 32. Qd4 Re6 33. f4 Qxa4 34. Rb1 Qc2 35. Ra1 Qd3 36. Rxa5 Rc6 37. Rd5 Qxd4+ 38. Rxd4 f6 39. Rd7+ Kf8 40. Rd6 Rc5 41. Rxf6+ Kg7 42. Rd6 g5 43. g3 1-0

[Event "AUT-chT2O 1819"]
[Site "Austria"]
[Date "2019.03.10"]
[Round "9.1"]
[White "Lipka, Juraj"]
[Black "Penz, Harald"]
[Result "1-0"]
[WhiteElo "2426"]
[BlackElo "2317"]
[PlyCount "53"]
[EventDate "2018.10.06"]
[EventType "team-tourn"]
[EventRounds "11"]
[EventCountry "AUT"]
[SourceTitle "CBM 189 Extra"]
[Source "ChessBase"]
[SourceDate "2019.06.03"]
[SourceVersion "1"]
[SourceVersionDate "2019.06.03"]
[SourceQuality "1"]
[WhiteTeam "Pamhagen"]
[BlackTeam "Hietzing"]
[WhiteTeamCountry "AUT"]
[BlackTeamCountry "AUT"]

1. Nf3 Nf6 2. g3 d5 3. Bg2 e6 4. d4 Be7 5. c4 0-0 6. Qc2 c6 7. 0-0 b6 8. Nbd2 Ba6 9. b3 Nbd7 10. Rd1 Rc8 11. e4 c5 12. exd5 exd5 13. Qf5 g6 14. Qh3 cxd4 15. Nxd4 Ne5 16. cxd5 Bb7 17. N2f3 Nxf3+ 18. Bxf3 Nxd5 19. Ne6 fxe6 20. Qxe6+ Rf7 21. Bxd5 Bxd5 22. Rxd5 Qf8 23. Bh6 Qxh6 24. Qxc8+ Kg7 25. Rd7 Qh3 26. Re1 Qf5 27. Qc3+ 1-0

[Event "AUT-chT2O 1718"]
[Site "Austria"]
[Date "2017.11.19"]
[Round "4.2"]
[White "Penz, Harald"]
[Black "Lendwai, Reinhard"]
[Result "1/2-1/2"]
[WhiteElo "2308"]
[BlackElo "2380"]
[PlyCount "74"]
[EventDate "2017.10.21"]
[EventType "team-tourn"]
[EventRounds "11"]
[EventCountry "AUT"]
[SourceTitle "CBM 181 Extra"]
[Source "ChessBase"]
[SourceDate "2017.12.12"]
[SourceVersion "1"]
[SourceVersionDate "2017.12.12"]
[SourceQuality "1"]
[WhiteTeam "Hietzing"]
[BlackTeam "Nickelsdorf Blackburne"]
[WhiteTeamCountry "AUT"]
[BlackTeamCountry "AUT"]

1. e4 c6 2. Nc3 d5 3. Nf3 Bg4 4. h3 Bxf3 5. Qxf3 e6 6. d3 g6 7. g3 Bg7 8. Bg2 Ne7 9. 0-0 h5 10. Qe2 d4 11. Nd1 h4 12. g4 e5 13. f4 exf4 14. Bxf4 Nd7 15. g5 Be5 16. Bd2 Qc7 17. Nf2 c5 18. Ng4 Nc6 19. Nxe5 Ndxe5 20. Rf4 0-0-0 21. b3 Rh5 22. Rf2 Qe7 23. Bf3 Rh7 24. Bg4+ Kb8 25. Bf4 Ka8 26. Raf1 a6 27. Bc1 Ka7 28. Rf6 Rd6 29. a3 Rxf6 30. Rxf6 Qc7 31. a4 Nb4 32. Bf4 Qe7 33. Qh2 Nbc6 34. Bd1 Rh8 35. Qf2 Rh7 36. Qh2 Rh8 37. Qf2 Rh7 1/2-1/2

[Event "AUT-chT2O 1617"]
[Site "Austria"]
[Date "2016.11.13"]
[Round "4.1"]
[White "Penz, Harald"]
[Black "Ganaus, Hannes"]
[Result "1/2-1/2"]
[WhiteElo "2315"]
[BlackElo "2277"]
[PlyCount "82"]
[EventDate "2016.10.15"]
[EventType "team-tourn"]
[EventRounds "11"]
[EventCountry "AUT"]
[SourceTitle "CBM 175 Extra"]
[Source "ChessBase"]
[SourceDate "2016.12.12"]
[SourceVersion "1"]
[SourceVersionDate "2016.12.12"]
[SourceQuality "1"]
[WhiteTeam "Hietzing"]
[BlackTeam "Poechlarn"]
[WhiteTeamCountry "AUT"]
[BlackTeamCountry "AUT"]

1. e4 c6 2. Nf3 d5 3. Nc3 dxe4 4. Nxe4 Nf6 5. Nxf6+ exf6 6. Bc4 Bd6 7. Qe2+ Qe7 8. Qxe7+ Kxe7 9. 0-0 Be6 10. Re1 Kd7 11. Be2 a5 12. d4 Na6 13. c3 a4 14. Be3 b5 15. Nd2 f5 16. f3 Nc7 17. Bd3 Nd5 18. a3 Nb6 19. Rad1 g6 20. Re2 h6 21. Nf1 Bd5 22. Bc1 Nc4 23. Ne3 Rae8 24. Nxc4 Bxc4 25. Rxe8 Kxe8 26. Bxc4 bxc4 27. Re1+ Kd7 28. Re2 h5 29. h3 Re8 30. Rxe8 Kxe8 31. Be3 f4 32. Bf2 Kd7 33. Kf1 Ke6 34. Be1 Kf5 35. Bf2 g5 36. Ke2 Be7 37. Bg1 g4 38. hxg4+ hxg4 39. Bf2 Kg5 40. Be1 Kh5 41. Bd2 Bd6 1/2-1/2

[Event "AUT-chT2O 1617"]
[Site "Austria"]
[Date "2016.10.16"]
[Round "2.2"]
[White "Sadilek, Peter"]
[Black "Penz, Harald"]
[Result "1/2-1/2"]
[WhiteElo "2274"]
[BlackElo "2315"]
[PlyCount "103"]
[EventDate "2016.10.15"]
[EventType "team-tourn"]
[EventRounds "11"]
[EventCountry "AUT"]
[SourceTitle "EXT 2017"]
[Source "ChessBase"]
[SourceDate "2016.10.25"]
[SourceVersion "1"]
[SourceVersionDate "2016.10.25"]
[SourceQuality "1"]
[WhiteTeam "Tschaturanga"]
[BlackTeam "Hietzing"]
[WhiteTeamCountry "AUT"]
[BlackTeamCountry "AUT"]

1. Nf3 d5 2. g3 Nf6 3. c4 e6 4. d4 Be7 5. Bg2 0-0 6. 0-0 c6 7. Qc2 b6 8. Bf4 Bb7 9. Rd1 Nbd7 10. Ne5 Nxe5 11. dxe5 Nd7 12. cxd5 cxd5 13. e4 g5 14. Be3 Nxe5 15. exd5 exd5 16. Nc3 Qc8 17. Qe2 Qg4 18. Qxg4 Nxg4 19. Bd4 Rfd8 20. Re1 Bf6 21. Rad1 Re8 22. Rxe8+ Rxe8 23. Bxd5 Ba6 24. Ne4 Bxd4 25. Rxd4 Kg7 26. Ra4 Bd3 27. h3 Bxe4 28. Bxe4 Nf6 29. Bf3 Re7 30. Rc4 Rd7 31. b4 Rd3 32. Bc6 Ra3 33. Rc2 Kf8 34. Re2 Rc3 35. Bb5 Rc1+ 36. Kg2 Rb1 37. a3 Rb3 38. Re5 h6 39. Rf5 Ke7 40. Re5+ Kf8 41. Rf5 Kg7 42. Rf3 Rb2 43. Bc4 Rc2 44. Bb3 Rc7 45. Rd3 Nd7 46. Rd4 Ne5 47. Bd1 Rc3 48. Rd5 Kf6 49. Rd6+ Kg7 50. Rd5 Kf6 51. Rd6+ Kg7 52. Rd5 1/2-1/2

[Event "AUT-chT2O 1516"]
[Site "Austria"]
[Date "2016.04.02"]
[Round "9.4"]
[White "Penz, Harald"]
[Black "Maslik, Miroslav"]
[Result "0-1"]
[WhiteElo "2329"]
[BlackElo "2333"]
[PlyCount "48"]
[EventDate "2015.10.17"]
[EventType "team-tourn"]
[EventRounds "11"]
[EventCountry "AUT"]
[SourceTitle "EXT 2017"]
[Source "ChessBase"]
[SourceDate "2016.10.25"]
[SourceVersion "1"]
[SourceVersionDate "2016.10.25"]
[SourceQuality "1"]
[WhiteTeam "Hietzing"]
[BlackTeam "Pamhagen"]
[WhiteTeamCountry "AUT"]
[BlackTeamCountry "AUT"]

1. e4 g6 2. d4 Bg7 3. Nc3 d6 4. Be2 a6 5. f4 Nd7 6. e5 c5 7. exd6 cxd4 8. Ne4 Nc5 9. dxe7 Nxe7 10. Nxc5 Qa5+ 11. Qd2 Qxc5 12. b4 Qb6 13. Bb2 Nd5 14. 0-0-0 Nxb4 15. Bc4 0-0 16. Bxd4 Bxd4 17. Qxd4 Qa5 18. Qb2 Bf5 19. Nf3 Rac8 20. Ne5 Nxc2 21. Nxf7 Rxf7 22. Bxf7+ Kxf7 23. Qxb7+ Rc7 24. Qb3+ Be6 0-1

[Event "AUT-chT2O 1516"]
[Site "Austria"]
[Date "2016.02.20"]
[Round "5.6"]
[White "Penz, Harald"]
[Black "Sadilek, Peter"]
[Result "1-0"]
[WhiteElo "2329"]
[BlackElo "2280"]
[PlyCount "79"]
[EventDate "2015.10.17"]
[EventType "team-tourn"]
[EventRounds "11"]
[EventCountry "AUT"]
[SourceTitle "EXT 2017"]
[Source "ChessBase"]
[SourceDate "2016.10.25"]
[SourceVersion "1"]
[SourceVersionDate "2016.10.25"]
[SourceQuality "1"]
[WhiteTeam "Hietzing"]
[BlackTeam "Tschaturanga"]
[WhiteTeamCountry "AUT"]
[BlackTeamCountry "AUT"]

1. e4 d6 2. d4 Nf6 3. Bd3 e5 4. c3 d5 5. dxe5 Nxe4 6. Bxe4 dxe4 7. Qxd8+ Kxd8 8. Bf4 Nd7 9. Ne2 Nc5 10. Nc1 b6 11. 0-0 Bb7 12. Re1 Ne6 13. Be3 g5 14. Nb3 Bg7 15. Nd4 Nf4 16. Bxf4 gxf4 17. Nd2 Bxe5 18. Nxe4 Rg8 19. Rad1 Kc8 20. Nf5 Rf8 21. Nc5 bxc5 22. Rxe5 a5 23. Rxc5 Ra6 24. Nd6+ Kb8 25. Nxb7 Kxb7 26. f3 Re8 27. Kf2 Rae6 28. Rd2 Re5 29. Rc4 Rf5 30. b3 c5 31. Re4 Rxe4 32. fxe4 Rh5 33. h3 Kc6 34. Kf3 c4 35. bxc4 Rc5 36. Rd4 Rg5 37. Rd2 Rg3+ 38. Kxf4 Rxc3 39. e5 Rxc4+ 40. Kf5 1-0

[Event "AUT-chT2O 1415"]
[Site "Austria"]
[Date "2015.01.25"]
[Round "7.3"]
[White "Higatsberger, Michael"]
[Black "Penz, Harald"]
[Result "1/2-1/2"]
[WhiteElo "2137"]
[BlackElo "2321"]
[PlyCount "66"]
[EventDate "2014.10.18"]
[EventType "team-tourn"]
[EventRounds "11"]
[EventCountry "AUT"]
[SourceTitle "EXT 2016"]
[Source "ChessBase"]
[SourceDate "2015.10.08"]
[SourceVersion "1"]
[SourceVersionDate "2015.10.08"]
[SourceQuality "1"]
[WhiteTeam "Austria"]
[BlackTeam "Hietzing/Ottakring"]
[WhiteTeamCountry "AUT"]
[BlackTeamCountry "AUT"]

1. e4 e5 2. Nf3 Nf6 3. Nxe5 d6 4. Nf3 Nxe4 5. Nc3 Nxc3 6. dxc3 Be7 7. Bf4 Nc6 8. Bd3 Be6 9. Qd2 Qd7 10. 0-0-0 0-0-0 11. Kb1 h6 12. Bb5 g5 13. Be3 a6 14. Ba4 b5 15. Bb3 Bf6 16. Bd4 Bxd4 17. Bxe6 Qxe6 18. Nxd4 Qd5 19. Nxc6 Qxc6 20. f3 Rde8 21. Rhe1 Rxe1 22. Rxe1 Re8 23. b3 Re5 24. Kb2 f5 25. Re2 Kb7 26. Qd3 Qe8 27. Rxe5 Qxe5 28. g3 c5 29. a3 Kc6 30. a4 Kb6 31. axb5 axb5 32. Kc1 Kc6 33. Kd2 Qe6 1/2-1/2

[Event "AUT-chT2O 1415"]
[Site "Austria"]
[Date "2014.11.15"]
[Round "3.5"]
[White "Penz, Harald"]
[Black "Schroll, Gerhard"]
[Result "1-0"]
[WhiteElo "2321"]
[BlackElo "2367"]
[PlyCount "133"]
[EventDate "2014.10.18"]
[EventType "team-tourn"]
[EventRounds "11"]
[EventCountry "AUT"]
[SourceTitle "CBM 163 Extra"]
[Source "ChessBase"]
[SourceDate "2014.12.23"]
[SourceVersion "1"]
[SourceVersionDate "2014.12.23"]
[SourceQuality "1"]
[WhiteTeam "Hietzing/Ottakring"]
[BlackTeam "Zwettl"]
[WhiteTeamCountry "AUT"]
[BlackTeamCountry "AUT"]

1. e4 d5 2. exd5 Qxd5 3. Nf3 Nf6 4. d4 c6 5. Be2 Bg4 6. 0-0 e6 7. h3 Bxf3 8. Bxf3 Qd6 9. c4 Be7 10. Qb3 Qc7 11. Bf4 Qb6 12. Qxb6 axb6 13. Nc3 0-0 14. a3 Nbd7 15. Rfe1 Rfe8 16. Rad1 Rac8 17. Re2 Nf8 18. d5 cxd5 19. cxd5 Bxa3 20. Nb5 Bc5 21. d6 Nd5 22. Bg3 Red8 23. Bxd5 exd5 24. Rxd5 Nd7 25. Re7 Nf6 26. Rd1 Rd7 27. Rxd7 Nxd7 28. Ra1 Bb4 29. Nc7 Bd2 30. Ra7 Rb8 31. Na6 Rd8 32. Rxb7 f5 33. Nc7 Kf7 34. Nd5 Ke6 35. Nxb6 Nxb6 36. Rxb6 f4 37. Bh4 Rxd6 38. Rxd6+ Kxd6 39. Kf1 Bc1 40. b3 Kd5 41. Be7 Ke4 42. Ke2 Bb2 43. f3+ Kd5 44. Kd3 Bd4 45. Bd6 Be3 46. Bb4 Bb6 47. Bd2 Bc7 48. Bc3 g6 49. Bd4 Bd6 50. Ba7 Be5 51. b4 Bc7 52. Bd4 Bd6 53. b5 Bc7 54. Bf2 Be5 55. b6 Bb8 56. Bg1 Be5 57. b7 Kc6 58. Ke4 Bc7 59. Bh2 Kxb7 60. Bxf4 Bd8 61. Kd5 Kc8 62. Ke6 Bh4 63. Kf7 Kd7 64. Bh6 Bg3 65. Kg7 Ke6 66. Kxh7 Kf7 67. Be3 1-0

[Event "AUT-chT2O 1415"]
[Site "Austria"]
[Date "2014.10.19"]
[Round "2.2"]
[White "Penz, Harald"]
[Black "Wukits, Rene"]
[Result "1/2-1/2"]
[WhiteElo "2321"]
[BlackElo "2348"]
[PlyCount "104"]
[EventDate "2014.10.18"]
[EventType "team-tourn"]
[EventRounds "11"]
[EventCountry "AUT"]
[SourceTitle "EXT 2015"]
[Source "ChessBase"]
[SourceDate "2014.11.20"]
[SourceVersion "1"]
[SourceVersionDate "2014.11.20"]
[SourceQuality "1"]
[WhiteTeam "Hietzing/Ottakring"]
[BlackTeam "Tschaturanga"]
[WhiteTeamCountry "AUT"]
[BlackTeamCountry "AUT"]

1. e4 c5 2. c3 Nf6 3. e5 Nd5 4. Bc4 e6 5. Nf3 Nc6 6. 0-0 d6 7. d4 cxd4 8. cxd4 Nb6 9. Bb3 Be7 10. Nc3 d5 11. Bf4 a6 12. Rc1 Bd7 13. Bc2 Rc8 14. Bb1 Nc4 15. b3 Na3 16. Bd3 Nb4 17. Be2 0-0 18. Qd2 Kh8 19. Qb2 Qa5 20. Bd2 b6 21. Ra1 Rc7 22. Nb1 Nac2 23. a3 Nxa1 24. axb4 Bxb4 25. Bxb4 Qxb4 26. Qxa1 a5 27. Qa3 Qxa3 28. Nxa3 Rfc8 29. Rd1 Rc1 30. Kf1 b5 31. Ke1 a4 32. b4 Rxd1+ 33. Kxd1 Rc3 34. Bxb5 Bxb5 35. Nxb5 Rc4 36. Na3 Rxb4 37. Nc2 Rb1+ 38. Kd2 f6 39. Nfe1 Kg8 40. Nd3 Kf7 41. exf6 gxf6 42. Nc5 Rf1 43. Ke2 Rc1 44. Kd2 Rf1 45. Ke2 Rc1 46. Kd2 Rf1 47. Ke2 Rc1 48. Kd2 Rf1 49. Ke2 Rc1 50. Kd2 Rf1 51. Ke2 Rc1 52. Kd2 Rf1 1/2-1/2

[Event "AUT-chT2O 1314"]
[Site "Austria"]
[Date "2014.03.23"]
[Round "11.1"]
[White "Penz, Harald"]
[Black "Schwarhofer, Christopher"]
[Result "1-0"]
[WhiteElo "2324"]
[BlackElo "2310"]
[PlyCount "49"]
[EventDate "2013.10.05"]
[EventType "team-tourn"]
[EventRounds "11"]
[EventCountry "AUT"]
[SourceTitle "EXT 2015"]
[Source "ChessBase"]
[SourceDate "2014.11.20"]
[SourceVersion "1"]
[SourceVersionDate "2014.11.20"]
[SourceQuality "1"]
[WhiteTeam "Hietzing/Ottakring"]
[BlackTeam "Ternitz"]
[WhiteTeamCountry "AUT"]
[BlackTeamCountry "AUT"]

1. e4 c5 2. c3 d5 3. exd5 Qxd5 4. d4 Nc6 5. Nf3 Bg4 6. Be2 cxd4 7. cxd4 e6 8. Nc3 Qa5 9. h3 Bh5 10. d5 0-0-0 11. Bd2 exd5 12. 0-0 Nf6 13. Rc1 Bxf3 14. Bxf3 Qb6 15. Be3 Qxb2 16. Bxa7 Bb4 17. Bg4+ Nd7 18. Nxd5 Ba3 19. Rc2 Qb5 20. Nb6+ Kc7 21. Bxd7 Qa6 22. Nd5+ Kxd7 23. Nb4+ Kc8 24. Qg4+ f5 25. Qxf5+ 1-0

[Event "AUT-chT2O 1314"]
[Site "Austria"]
[Date "2014.02.22"]
[Round "8.3"]
[White "Petran, Peter"]
[Black "Penz, Harald"]
[Result "1/2-1/2"]
[WhiteElo "2320"]
[BlackElo "2324"]
[PlyCount "84"]
[EventDate "2013.10.05"]
[EventType "team-tourn"]
[EventRounds "11"]
[EventCountry "AUT"]
[SourceTitle "EXT 2015"]
[Source "ChessBase"]
[SourceDate "2014.11.20"]
[SourceVersion "1"]
[SourceVersionDate "2014.11.20"]
[SourceQuality "1"]
[WhiteTeam "Mattersburg"]
[BlackTeam "Hietzing/Ottakring"]
[WhiteTeamCountry "AUT"]
[BlackTeamCountry "AUT"]

1. g3 d5 2. Nf3 Nf6 3. Bg2 e6 4. 0-0 Be7 5. c4 c6 6. b3 0-0 7. Bb2 Nbd7 8. d4 b6 9. Nc3 Bb7 10. cxd5 cxd5 11. e3 Ne4 12. Nxe4 dxe4 13. Ne5 f5 14. Rc1 Nxe5 15. dxe5 Ba6 16. Re1 Qxd1 17. Rexd1 Rfd8 18. Bf1 Bxf1 19. Kxf1 Rxd1+ 20. Rxd1 Rd8 21. Rxd8+ Bxd8 22. Ke2 Kf7 23. f3 h5 24. f4 g5 25. Ba3 Ke8 26. Bd6 Kd7 27. Ba3 Kc6 28. Bf8 g4 29. Bb4 h4 30. Be1 hxg3 31. hxg3 Be7 32. Bc3 Ba3 33. Kd2 Kb5 34. Kd1 a5 35. Bd4 Bb4 36. a4+ Kc6 37. Bb2 b5 38. axb5+ Kxb5 39. Bc1 Bc5 40. Bd2 Bb6 41. Kc2 Bc5 42. Kd1 Bb6 1/2-1/2

[Event "AUT-chT2O 1314"]
[Site "Austria"]
[Date "2013.12.07"]
[Round "5.2"]
[White "Penz, Harald"]
[Black "Polak, Tomas"]
[Result "0-1"]
[WhiteElo "2324"]
[BlackElo "2502"]
[PlyCount "120"]
[EventDate "2013.10.05"]
[EventType "team-tourn"]
[EventRounds "11"]
[EventCountry "AUT"]
[SourceTitle "EXT 2015"]
[Source "ChessBase"]
[SourceDate "2014.11.20"]
[SourceVersion "1"]
[SourceVersionDate "2014.11.20"]
[SourceQuality "1"]
[WhiteTeam "Hietzing/Ottakring"]
[BlackTeam "Zwettl"]
[WhiteTeamCountry "AUT"]
[BlackTeamCountry "AUT"]

1. e4 c5 2. c3 d5 3. exd5 Qxd5 4. d4 g6 5. Be3 cxd4 6. cxd4 Bg7 7. Nc3 Qd8 8. Nf3 Nf6 9. Rc1 0-0 10. Be2 Be6 11. 0-0 Nc6 12. Ng5 Bd5 13. Nxd5 Nxd5 14. Qd2 e6 15. Nf3 Qb6 16. Rc5 a6 17. Bc4 Nxe3 18. fxe3 Rad8 19. Rg5 e5 20. Qf2 exd4 21. exd4 Nxd4 22. Kh1 Qc6 23. b3 b5 24. Ne5 Bxe5 25. Bxf7+ Kg7 26. Rxe5 Nf5 27. Rxf5 gxf5 28. Qxf5 Qd6 29. Qg5+ Kh8 30. Qc1 Rd7 31. Bh5 Rxf1+ 32. Qxf1 Kg7 33. h3 Re7 34. a4 Qg3 35. Be2 b4 36. Qd1 a5 37. Qd4+ Qe5 38. Qg4+ Kh6 39. Qh4+ Kg7 40. Qg4+ Kf6 41. Qh4+ Ke6 42. Qc4+ Kf6 43. Qh4+ Qg5 44. Qd4+ Re5 45. Kh2 Kg7 46. Bc4 h5 47. Qf2 Qf6 48. Qd2 h4 49. Qd7+ Re7 50. Qg4+ Kh6 51. Qd1 Qe5+ 52. Kg1 Qe1+ 53. Qxe1 Rxe1+ 54. Kf2 Rc1 55. Bd5 Rc3 56. Ke2 Kg5 57. Kd2 Kf4 58. Ke2 Ke5 59. Bf7 Kd4 60. Kf2 Rg3 0-1

[Event "AUT-chT2O 1213"]
[Site "Austria"]
[Date "2013.02.02"]
[Round "6.1"]
[White "Varga, Zoltan"]
[Black "Penz, Harald"]
[Result "1-0"]
[WhiteElo "2455"]
[BlackElo "2311"]
[PlyCount "85"]
[EventDate "2012.10.06"]
[EventType "team-tourn"]
[EventRounds "11"]
[EventCountry "AUT"]
[SourceTitle "EXT 2014"]
[Source "ChessBase"]
[SourceDate "2013.11.20"]
[SourceVersion "1"]
[SourceVersionDate "2013.11.20"]
[SourceQuality "1"]
[WhiteTeam "Lackenbach"]
[BlackTeam "Hietzing"]
[WhiteTeamCountry "AUT"]
[BlackTeamCountry "AUT"]

1. e4 e5 2. Nf3 Nf6 3. Nxe5 d6 4. Nc4 Nxe4 5. Ne3 Be7 6. d4 0-0 7. Bd3 Nf6 8. 0-0 Re8 9. c4 Nc6 10. Nc3 Nxd4 11. Bxh7+ Nxh7 12. Qxd4 Bd7 13. Ned5 Bc6 14. Bf4 Bf6 15. Qd2 Bxc3 16. Nxc3 Qd7 17. f3 Re6 18. Rad1 b6 19. Ne2 Rae8 20. Nd4 R6e7 21. Rf2 Bb7 22. b3 a6 23. h3 Qc8 24. Kh2 d5 25. cxd5 Bxd5 26. Qc2 Bb7 27. Nf5 Rd7 28. Rxd7 Qxd7 29. Rd2 Bd5 30. Bxc7 b5 31. Bg3 Qe6 32. Nd6 Rf8 33. Re2 Qd7 34. Qc5 Be6 35. Qb6 Ra8 36. Ne4 Bd5 37. Nd6 Bxf3 38. Re5 Qc6 39. Qd4 Bxg2 40. Nf5 Kf8 41. Rc5 Qf6 42. Be5 Qd8 43. Bxg7+ 1-0

[Event "AUT-chT2O 1213"]
[Site "Austria"]
[Date "2012.12.01"]
[Round "5.1"]
[White "Penz, Harald"]
[Black "Lipka, Juraj"]
[Result "1/2-1/2"]
[WhiteElo "2311"]
[BlackElo "2441"]
[PlyCount "167"]
[EventDate "2012.10.06"]
[EventType "team-tourn"]
[EventRounds "11"]
[EventCountry "AUT"]
[SourceTitle "EXT 2014"]
[Source "ChessBase"]
[SourceDate "2013.11.20"]
[SourceVersion "1"]
[SourceVersionDate "2013.11.20"]
[SourceQuality "1"]
[WhiteTeam "Hietzing"]
[BlackTeam "Pamhagen"]
[WhiteTeamCountry "AUT"]
[BlackTeamCountry "AUT"]

1. e4 e6 2. d4 d5 3. exd5 exd5 4. Nf3 Nf6 5. Bd3 Bd6 6. 0-0 0-0 7. Nc3 Bg4 8. Bg5 c6 9. Re1 Nbd7 10. h3 Bh5 11. g4 Bg6 12. Ne5 Bxd3 13. Qxd3 Qc7 14. Nxd7 Nxd7 15. Re2 Rfe8 16. Rae1 Rxe2 17. Rxe2 Nf8 18. Nd1 Ne6 19. Be3 Re8 20. c3 Qe7 21. Bd2 Qf6 22. Re1 Re7 23. Qf1 Kf8 24. b3 Qf3 25. Re3 Qf4 26. Qg2 Ng5 27. Kf1 Ne4 28. Be1 Qf6 29. f3 Ng5 30. Rxe7 Bxe7 31. Ke2 Qh6 32. Qh2 Qd6 33. Qxd6 Bxd6 34. h4 Ne6 35. Bd2 Bg3 36. h5 Ke7 37. Nb2 g6 38. hxg6 fxg6 39. Nd3 h5 40. gxh5 gxh5 41. f4 Bh4 42. Kf3 Ng7 43. Nc5 b6 44. Nd3 Bf6 45. Be1 Ke6 46. Bf2 Nf5 47. Ne5 Ne7 48. Nd3 Kf5 49. Bg3 Ke6 50. Bf2 Nc8 51. Ne5 Ne7 52. Nd3 Nf5 53. Ne5 Bxe5 54. fxe5 Kf7 55. Kf4 Kg6 56. Be1 Ng7 57. Bd2 Ne6+ 58. Kg3 c5 59. Be3 Kf5 60. Kh4 Ke4 61. Bg1 Kd3 62. Kxh5 Kxc3 63. dxc5 bxc5 64. Kg6 d4 65. Kf5 Nc7 66. Ke4 d3 67. Be3 d2 68. Bxd2+ Kxd2 69. e6 Kc3 70. Ke5 c4 71. bxc4 Kxc4 72. Kd6 Ne8+ 73. Ke7 Nc7 74. Kd6 Nd5 75. e7 Nf6 76. Ke6 Ne8 77. Kd7 Ng7 78. e8Q Nxe8 79. Kxe8 a5 80. Kd7 a4 81. Ke6 a3 82. Ke5 Kd3 83. Kf4 Ke2 84. Kg3 1/2-1/2

[Event "AUT-chT2O 1213"]
[Site "Austria"]
[Date "2012.10.07"]
[Round "2.1"]
[White "Schroll, Gerhard"]
[Black "Penz, Harald"]
[Result "1/2-1/2"]
[WhiteElo "2403"]
[BlackElo "2311"]
[PlyCount "91"]
[EventDate "2012.10.06"]
[EventType "team-tourn"]
[EventRounds "11"]
[EventCountry "AUT"]
[SourceTitle "EXT 2013"]
[Source "ChessBase"]
[SourceDate "2012.11.22"]
[SourceVersion "1"]
[SourceVersionDate "2012.11.22"]
[SourceQuality "1"]
[WhiteTeam "Zwettl II"]
[BlackTeam "Hietzing"]
[WhiteTeamCountry "AUT"]
[BlackTeamCountry "AUT"]

1. c4 e6 2. b3 d5 3. Nf3 Nf6 4. Bb2 Be7 5. e3 0-0 6. Nc3 b6 7. cxd5 Nxd5 8. Nxd5 exd5 9. Be2 c5 10. 0-0 Bb7 11. d4 Nd7 12. Qc2 Rc8 13. dxc5 Nxc5 14. Qd1 Ne4 15. Rc1 Qd6 16. Rxc8 Rxc8 17. Qa1 Bf6 18. Nd4 Qd7 19. h3 Rc7 20. Rc1 Rxc1+ 21. Qxc1 Qc8 22. Qxc8+ Bxc8 23. Nc6 Bxb2 24. Ne7+ Kf8 25. Nxc8 d4 26. Nxa7 Nc3 27. Kf1 Nxa2 28. exd4 Bxd4 29. Nc6 Bc5 30. Bc4 Ke8 31. Ne5 f6 32. Nd3 Bd6 33. Ke2 Nb4 34. Ne1 Ke7 35. Nf3 Bc5 36. Bg8 h6 37. Nh4 Nc6 38. Bd5 Nb4 39. Bc4 Nc6 40. Nf5+ Kf8 41. Ne3 g6 42. f4 Kg7 43. g4 f5 44. gxf5 Nd4+ 45. Kd3 Nxf5 46. Nxf5+ 1/2-1/2

[Event "AUT-chT 1112"]
[Site "Austria"]
[Date "2012.04.21"]
[Round "10.5"]
[White "Kuba, Guenter"]
[Black "Penz, Harald"]
[Result "1-0"]
[WhiteElo "2384"]
[BlackElo "2349"]
[PlyCount "71"]
[EventDate "2012.01.20"]
[EventType "team-tourn"]
[EventRounds "11"]
[EventCountry "AUT"]
[SourceTitle "EXT 2013"]
[Source "ChessBase"]
[SourceDate "2012.11.22"]
[SourceVersion "1"]
[SourceVersionDate "2012.11.22"]
[SourceQuality "1"]
[WhiteTeam "Fuerstenfeld"]
[BlackTeam "Poechlarn"]
[WhiteTeamCountry "AUT"]
[BlackTeamCountry "AUT"]

1. e4 e5 2. Nf3 Nf6 3. Nxe5 d6 4. Nf3 Nxe4 5. Nc3 Nxc3 6. dxc3 Be7 7. Be3 0-0 8. Qd2 Nc6 9. 0-0-0 Be6 10. Kb1 Ne5 11. Nd4 Nc4 12. Qd3 Nxe3 13. Nxe6 fxe6 14. Qxe3 e5 15. Bd3 c6 16. h4 Qc7 17. Qe4 g6 18. h5 Rf4 19. Qe3 g5 20. g3 Rf7 21. c4 Qb6 22. c5 Qxc5 23. Qxc5 dxc5 24. Bc4 Kf8 25. Bxf7 Kxf7 26. Rd7 Rb8 27. Rhd1 Ke6 28. c4 h6 29. Rc7 Bf8 30. Rdd7 b5 31. Rxa7 Kf5 32. f3 g4 33. Rf7+ Kg5 34. f4+ exf4 35. Rxf4 Re8 36. Raf7 1-0